000 01213nac a22002651u 4500
008 100901t xxu||||| |||| 00| 0 eng d
010 _a 96048240
020 _a0824797930 (acid-free paper)
082 0 0 _a621.815
_bREL
100 _a20080729
_917766
245 0 0 _aReliability-Based Mechanical Design /
_cEdited by Thomas A. Cruse
260 _aNew York :
_bMarcel Dekker,1997
_c1997.
300 _axi, 341 p. :
_bill. ;
_c24 cm. +
_e1 computer disk (3 1/2 in.)
490 1 _aMechanical engineering ;
_v108
_917767
504 _aIncludes bibliographical references and index.
538 _aSystem requirements for accompanying computer disk: Windows; DOS.
650 0 _aMachine design.
_917768
650 0 _aStructural design.
_917769
650 0 _aReliability (Engineering)
_917770
700 1 _aCruse, Thomas A.
_917771
830 0 _aMechanical engineering (Marcel Dekker, Inc.) ;
_917772
856 4 2 _3Publisher description
_uhttp://www.loc.gov/catdir/enhancements/fy0647/96048240-d.html
942 _cBB
_k621.815REL
_2ddc
999 _c3833
_d3833